|
|
|
|
| LEADER |
00000nas a2200000 i 4500 |
| 001 |
ssj0001219385 |
| 003 |
WaSeSS |
| 005 |
20200512172242.0 |
| 006 |
m d |
| 007 |
cr n |
| 008 |
140526c20uu9999li qr p|s|||||| |0eng d |
| 022 |
|
|
|a 2029-7947
|l 2029-7955
|
| 035 |
|
|
|a (WaSeSS)ssj0001219385
|
| 040 |
|
|
|a WaSeSS
|b eng
|c WaSeSS
|d WaSeSS
|
| 043 |
|
|
|a e-li---
|
| 050 |
|
4 |
|a HT169.L78
|
| 210 |
1 |
|
|a J. archit. urban.
|b (Online)
|
| 222 |
|
0 |
|a Journal of architecture and urbanism
|b (Online)
|
| 245 |
0 |
0 |
|a Journal of architecture and urbanism
|h [electronic resource].
|
| 260 |
|
|
|a Vilnius, Lithuania :
|b Vilnius Gediminas Technical University
|
| 310 |
|
|
|a Quarterly
|
| 506 |
|
|
|a License restrictions may limit access.
|
| 588 |
|
|
|a Description based on: Volume 36, Issue 1 (March 1, 2012); title from title screen (Academic OneFile, viewed May 26, 2014).
|
| 588 |
|
|
|a Latest issue consulted: Volume 38, Issue 1 (March 1, 2014) (viewed May 26, 2014).
|
| 650 |
|
0 |
|a City planning
|z Lithuania
|v Periodicals.
|
| 650 |
|
0 |
|a Regional planning
|z Lithuania
|v Periodicals.
|
| 655 |
|
0 |
|a Electronic journals.
|
| 776 |
0 |
8 |
|i Print version:
|t Journal of architecture and urbanism
|x 2029-7955
|
| 780 |
1 |
0 |
|t Urbanistika ir architektura (Spausdinta)
|x 1392-1630
|
| 856 |
4 |
0 |
|z Full text available from Research Library: 05/01/2018 to present
|u https://search.proquest.com/publication/1386352
|